Clinical Methods in Pediatrics/ (Record no. 1854)

MARC details
000 -LEADER
Fixed length control field 00569nam a2200217Ia 4500
003 - CONTROL NUMBER IDENTIFIER
Control field IIN
005 - DATE AND TIME OF LATEST TRANSACTION
Control field 20250530130320.0
008 - FIXED-LENGTH DATA ELEMENTS--GENERAL INFORMATION
Fixed length control field 250530s2025 xx acd 001 0 eng d
020 ## - INTERNATIONAL STANDARD BOOK NUMBER / ISBN
Price Rs.1095.00
International Standard Book Number 9789354669262
040 ## - CATALOGING SOURCE
Original cataloging agency IIN
Language of cataloging English
082 ## - DEWEY DECIMAL CLASSIFICATION NUMBER
Classification number 610.7362
Book Number GUP
100 1# - MAIN ENTRY--PERSONAL NAME
Personal name Gupta, Piyush
245 1# - TITLE STATEMENT
Title Clinical Methods in Pediatrics/
Statement of responsibility Piyush Gupta
250 ## - EDITION STATEMENT
Edition statement 6th ed
260 ## - IMPRINT
Place of publication New Delhi
Name of publisher CBS
Date of publication 2025
300 ## - PHYSICAL DESCRIPTION
Page / Vol. No xvi , 662p.
Other physical details col. ill.
500 ## - GENERAL NOTE
General note Includes Index
650 ## - SUBJECT ADDED ENTRY--TOPICAL TERM
Topical term Pediatric
Form subdivision Nursing
651 ## - SUBJECT ADDED ENTRY--GEOGRAPHIC NAME
Geographic name Pediatric
Form subdivision Procedure
942 ## - ADDED ENTRY ELEMENTS (KOHA)
Koha item type Books
Holdings
Withdrawn status Lost status Source of classification Damaged status Not for loan Collection code Home library Current library Shelving location Date acquired Price Total Checkouts Call number Accession number Date last seen Price effective from Koha item type
    Dewey Decimal Classification     Purches Book IDEAL INSTITUTE OF NURSING IDEAL INSTITUTE OF NURSING General Stacks 11/03/2025 1095.00   610.7362 GUP 2098 30/05/2025 30/05/2025 Books
© Ideal Institute Of Nursing, All rights reserved.         Powered by Koha